00553cam a22001932 450000100060000000300080000600500170001400800410003103500190007204000360009104100080012708200240013510000310015924500710019025000120026126000290027330000310030260000260033324540BD-RjUL20211209001050.0140313s1952 nyua 000 0beng  a(BD-RjUL)24607 aDLCcKSUdBD-RjULdBD-RjULbeng aeng a711.4092bROR 19521 aRodgers, Cleveland,d1885-00aRobert Moses, builder for democracy /cIntrod. by H.V. Kaltenborn. a1st ed. aNew York :bHolt,c1952. a356 p. :billus. ;c22 cm.10aMoses, Robert,d1888-